[Event "Catalunya-chT Gp2"]
[Site "Barcelona"]
[Date "2024.02.17"]
[Round "5.5"]
[White "Alonso Moyano, Jonathan"]
[Black "Barseghyan, Harutyun"]
[Result "0-1"]
[WhiteElo "2331"]
[BlackElo "2442"]
[PlyCount "92"]
[EventDate "2024.01.20"]
[EventType "team-tourn"]
[EventRounds "7"]
[EventCountry "ESP"]
[SourceTitle "CB11_2024"]
[SourceDate "2024.03.13"]
[SourceVersion "1"]
[SourceVersionDate "2024.03.13"]
[SourceQuality "1"]
[WhiteTeam "Barbera"]
[BlackTeam "Platja D'Aro"]
[WhiteTeamCountry "ESP"]
[BlackTeamCountry "ESP"]

1. e4 c6 2. d4 d5 3. e5 Bf5 4. c4 e6 5. Nc3 Bb4 6. a3 Bxc3+ 7. bxc3 Ne7 8. Nf3 0-0 9. c5 b6 10. cxb6 axb6 11. Be2 Nd7 12. 0-0 b5 13. a4 Nb6 14. Ba3 Nxa4 15. Qc1 h6 16. Ne1 f6 17. f4 fxe5 18. fxe5 Be4 19. Rxf8+ Qxf8 20. Nd3 Qf7 21. Bb4 Rf8 22. Qe3 Qg6 23. Qh3 Bf5 24. Qe3 Rf7 25. Nf4 Qg5 26. g3 Ng6 27. Ng2 Qd8 28. Bh5 Kh7 29. Rf1 Qe8 30. Qf3 Kg8 31. Nf4 Ra7 32. Qe3 Kh7 33. Nxg6 Bxg6 34. Rf8 Bxh5 35. Rxe8 Bxe8 36. Qf2 Bg6 37. Qf8 Nb2 38. Qd6 Be4 39. Kf2 Ra2 40. Qxe6 Nc4+ 41. Ke1 Ne3 42. c4 Nc2+ 43. Kd1 Nxb4 44. cxb5 Nd3 45. Qf7 cxb5 46. e6 Rf2 0-1

[Event "Catalunya-chT Gp2"]
[Site "Barcelona"]
[Date "2024.01.27"]
[Round "2.4"]
[White "Jimenez Ruano, Adrian"]
[Black "Barseghyan, Harutyun"]
[Result "1-0"]
[WhiteElo "2307"]
[BlackElo "2442"]
[PlyCount "97"]
[EventDate "2024.01.20"]
[EventType "team-tourn"]
[EventRounds "7"]
[EventCountry "ESP"]
[SourceTitle "CB06_2024"]
[SourceDate "2024.02.07"]
[SourceVersion "1"]
[SourceVersionDate "2024.02.07"]
[SourceQuality "1"]
[WhiteTeam "Barcelona Escacs CC"]
[BlackTeam "Platja D'Aro"]
[WhiteTeamCountry "ESP"]
[BlackTeamCountry "ESP"]

1. d4 Nf6 2. c4 e6 3. Nc3 Bb4 4. f3 d5 5. a3 Bxc3+ 6. bxc3 0-0 7. cxd5 exd5 8. e3 Nh5 9. g3 c5 10. Bd3 Nc6 11. Ra2 Re8 12. Kf1 f5 13. Rg2 Qf6 14. h3 g6 15. Ne2 Be6 16. Kg1 Bf7 17. Qf1 cxd4 18. exd4 Ng7 19. g4 Kh8 20. Bh6 Rg8 21. Qc1 Ne6 22. h4 Rae8 23. Rhh2 a6 24. a4 Na5 25. Nf4 Nxf4 26. Qxf4 Nc6 27. gxf5 gxf5 28. Bg5 Re1+ 29. Kf2 Qe6 30. Bf6+ Qxf6 31. Rxg8+ Kxg8 32. Kxe1 Be6 33. Rg2+ Kf7 34. h5 Ne7 35. Kd2 h6 36. Qc7 Qh4 37. Re2 Qxh5 38. Qd6 Qg6 39. c4 Qf6 40. Re5 dxc4 41. d5 Nxd5 42. Bxc4 Qg5+ 43. Kd3 Nf4+ 44. Kc3 Bxc4 45. Qc7+ Kg6 46. Qxc4 Nh3 47. Qe6+ Qf6 48. Qg8+ Kh5 49. Qg4# 1-0

[Event "Catalunya-chT Gp2"]
[Site "Barcelona"]
[Date "2024.01.20"]
[Round "1.4"]
[White "Barseghyan, Harutyun"]
[Black "Ribera Veganzones, Serni"]
[Result "1/2-1/2"]
[WhiteElo "2442"]
[BlackElo "2360"]
[PlyCount "41"]
[EventDate "2024.01.20"]
[EventType "team-tourn"]
[EventRounds "7"]
[EventCountry "ESP"]
[SourceTitle "CB06_2024"]
[SourceDate "2024.02.07"]
[SourceVersion "1"]
[SourceVersionDate "2024.02.07"]
[SourceQuality "1"]
[WhiteTeam "Platja D'Aro"]
[BlackTeam "Geva CEA"]
[WhiteTeamCountry "ESP"]
[BlackTeamCountry "ESP"]

1. d4 Nf6 2. Nf3 b6 3. Bg5 Bb7 4. e3 e6 5. Be2 d5 6. 0-0 Nbd7 7. c4 dxc4 8. Qa4 a6 9. Qxc4 Be7 10. Rd1 0-0 11. Qc2 Rc8 12. Nc3 c5 13. Bxf6 Bxf6 14. d5 exd5 15. Nxd5 Ne5 16. Qe4 Nxf3+ 17. Qxf3 Bd4 18. exd4 Bxd5 19. Qa3 Qg5 20. Bf1 a5 21. dxc5 1/2-1/2

[Event "ESP-chT CECLUB Div2"]
[Site "Linares"]
[Date "2023.08.18"]
[Round "7.1"]
[White "Sosa, Tomas Sebastian"]
[Black "Barseghyan, Harutyun"]
[Result "1/2-1/2"]
[WhiteElo "2556"]
[BlackElo "2428"]
[PlyCount "61"]
[EventDate "2023.08.13"]
[EventType "team-swiss"]
[EventRounds "7"]
[EventCountry "ESP"]
[SourceTitle "EXT 2024"]
[Source "ChessBase"]
[SourceDate "2023.10.10"]
[SourceVersion "1"]
[SourceVersionDate "2023.10.10"]
[SourceQuality "1"]
[WhiteTeam "Manises Eva"]
[BlackTeam "Platja D'Aro"]
[WhiteTeamCountry "ESP"]
[BlackTeamCountry "ESP"]

1. e4 c6 2. Nf3 d5 3. Nc3 dxe4 4. Nxe4 Nf6 5. Qe2 Nxe4 6. Qxe4 Qd5 7. Qf4 Qf5 8. Qe3 Nd7 9. Bd3 Qc5 10. b3 Qxe3+ 11. fxe3 Nc5 12. Be2 Bf5 13. d3 a5 14. a4 f6 15. e4 Bg4 16. e5 Nd7 17. Bb2 Bxf3 18. Bxf3 Nxe5 19. Bxe5 fxe5 20. c3 e6 21. Ke2 Bc5 22. Rhf1 Ke7 23. Be4 Raf8 24. Rxf8 Rxf8 25. Rf1 Rxf1 26. Kxf1 h6 27. Ke2 Kf6 28. Bf3 Bg1 29. h3 Bc5 30. Be4 Ke7 31. Kd2 1/2-1/2

[Event "Catalunya-chT Gp1 Final"]
[Site "Barcelona"]
[Date "2023.03.18"]
[Round "1.1"]
[White "Edouard, Romain"]
[Black "Barseghyan, Harutyun"]
[Result "1-0"]
[WhiteElo "2532"]
[BlackElo "2431"]
[PlyCount "109"]
[EventDate "2023.03.18"]
[EventType "team-k.o."]
[EventRounds "3"]
[EventCountry "ESP"]
[SourceTitle "EXT 2024"]
[Source "ChessBase"]
[SourceDate "2023.10.10"]
[SourceVersion "1"]
[SourceVersionDate "2023.10.10"]
[SourceQuality "1"]
[WhiteTeam "Valls"]
[BlackTeam "Platja D'Aro"]
[WhiteTeamCountry "ESP"]
[BlackTeamCountry "ESP"]

1. c4 Nf6 2. Nc3 e5 3. Nf3 Nc6 4. e4 Bb4 5. d3 d6 6. a3 Bc5 7. b4 Bb6 8. Na4 Bg4 9. Be2 Bxf3 10. Bxf3 Bd4 11. Rb1 Nd7 12. b5 Ncb8 13. Be3 Bxe3 14. fxe3 Qh4+ 15. g3 Qg5 16. Qe2 h5 17. Nc3 Nf6 18. Kd2 a6 19. h4 Qg6 20. Rhg1 axb5 21. Nxb5 Na6 22. g4 hxg4 23. Bxg4 Qh6 24. Qf3 Ke7 25. Bh3 c6 26. Nc3 Nc5 27. a4 Kd8 28. Rg5 Kc7 29. Rbg1 Rhg8 30. Rf5 Qxh4 31. Rh1 Raf8 32. Bf1 Qg4 33. Qf2 Rh8 34. Rg1 Qh4 35. Rxg7 Qxf2+ 36. Rxf2 Rh6 37. Rg5 Kd7 38. Be2 Ke7 39. Rg1 Ra8 40. Rb1 Ra7 41. Kc2 Rh7 42. Rbf1 Rh6 43. d4 Ne6 44. Kd3 Ra8 45. c5 dxc5 46. dxe5 Nd7 47. Rxf7+ Kd8 48. Kc2 Ke8 49. Bg4 Rd8 50. R7f5 Ke7 51. Nd5+ cxd5 52. exd5 Rf8 53. dxe6 Rxf5 54. Rxf5 Rh4 55. Rf7+ 1-0

[Event "Catalunya-chT Gp2"]
[Site "Barcelona"]
[Date "2023.03.04"]
[Round "7.1"]
[White "Guerra Mendez, Jose Angel"]
[Black "Barseghyan, Harutyun"]
[Result "1-0"]
[WhiteElo "2497"]
[BlackElo "2431"]
[PlyCount "63"]
[EventDate "2023.01.21"]
[EventType "team-tourn"]
[EventRounds "7"]
[EventCountry "ESP"]
[SourceTitle "CBM 213 Extra"]
[Source "ChessBase"]
[SourceDate "2023.05.31"]
[SourceVersion "1"]
[SourceVersionDate "2023.05.31"]
[SourceQuality "1"]
[WhiteTeam "Cerdanyola Valles"]
[BlackTeam "Platja D'Aro"]
[WhiteTeamCountry "ESP"]
[BlackTeamCountry "ESP"]

1. e4 c6 2. d4 d5 3. Nc3 dxe4 4. Nxe4 Nf6 5. Nxf6+ exf6 6. c3 Bd6 7. Bd3 Na6 8. Ne2 Nc7 9. Qc2 h5 10. Bd2 Kf8 11. 0-0-0 b5 12. Kb1 Nd5 13. Rde1 a5 14. g3 a4 15. Nf4 Bxf4 16. gxf4 h4 17. f5 Rh5 18. Rhg1 Qd6 19. Qd1 Rh7 20. Qg4 Ne7 21. Bf4 Qd5 22. Rxe7 Kxe7 23. Re1+ Kf8 24. Qe2 Bd7 25. Qe7+ Kg8 26. Bd6 Qf3 27. Kc2 Rh5 28. Qxd7 Rg5 29. d5 Qxd5 30. Be4 Qxa2 31. Qxc6 Kh7 32. Qxa8 1-0

[Event "Catalunya-chT Gp2"]
[Site "Barcelona"]
[Date "2023.02.25"]
[Round "6.2"]
[White "Barbero Sendic, Alejandro"]
[Black "Barseghyan, Harutyun"]
[Result "0-1"]
[WhiteElo "2343"]
[BlackElo "2431"]
[PlyCount "76"]
[EventDate "2023.01.21"]
[EventType "team-tourn"]
[EventRounds "7"]
[EventCountry "ESP"]
[SourceTitle "CBM 213 Extra"]
[Source "ChessBase"]
[SourceDate "2023.05.31"]
[SourceVersion "1"]
[SourceVersionDate "2023.05.31"]
[SourceQuality "1"]
[WhiteTeam "Sant Andreu"]
[BlackTeam "Platja D'Aro"]
[WhiteTeamCountry "ESP"]
[BlackTeamCountry "ESP"]

1. e4 c6 2. Nc3 d5 3. Nf3 dxe4 4. Nxe4 Nf6 5. Qe2 Nxe4 6. Qxe4 Qd5 7. Qh4 Qe6+ 8. Be2 Qg6 9. Qg3 Qxc2 10. 0-0 Qg6 11. Qc7 Nd7 12. d4 Qd6 13. Qa5 Nf6 14. Bg5 Nd5 15. Qd2 Bg4 16. Ne5 Bxe2 17. Qxe2 f6 18. Nc4 Qd7 19. Bd2 e6 20. Rae1 Kf7 21. f4 g6 22. g4 Re8 23. g5 b5 24. Na5 f5 25. Rc1 Rc8 26. Nb3 h6 27. Be1 Bd6 28. Nc5 Qe7 29. Bg3 hxg5 30. fxg5 Bxc5 31. Rxc5 Qxg5 32. Re1 Rhe8 33. Kh1 Qf6 34. Be5 Qh4 35. Rf1 g5 36. Bg3 Qh3 37. Rf3 Qg4 38. Be5 Nf6 0-1

[Event "San Cristobal op 3rd"]
[Site "San Cristobal de la Laguna"]
[Date "2021.08.29"]
[Round "2"]
[White "Donate Villalba, Juan Francisco"]
[Black "Barseghyan, Harutyun"]
[Result "0-1"]
[WhiteElo "2008"]
[BlackElo "2444"]
[PlyCount "88"]
[EventDate "2021.08.28"]
[EventType "swiss"]
[EventRounds "9"]
[EventCountry "ESP"]
[SourceTitle "CBM 204 Extra"]
[Source "ChessBase"]
[SourceDate "2021.11.30"]
[SourceVersion "1"]
[SourceVersionDate "2021.11.30"]
[SourceQuality "1"]

1. e4 c6 2. Nc3 d5 3. Qf3 dxe4 4. Nxe4 Nf6 5. Bc4 Nbd7 6. d4 Nb6 7. Nxf6+ gxf6 8. Qd3 Nxc4 9. Qxc4 Rg8 10. g3 e5 11. Ne2 Be6 12. Qc3 Qd5 13. Rg1 0-0-0 14. Be3 Bg4 15. Rd1 Qb5 16. Qd3 Qxb2 17. f3 Be6 18. Kf2 Be7 19. a4 Qb4 20. Rb1 Qc4 21. Rgd1 Qxd3 22. cxd3 exd4 23. Nxd4 Bc5 24. Nb3 Bxe3+ 25. Kxe3 Rg5 26. d4 Re8 27. Kd2 Bxb3 28. Rxb3 Rd5 29. Rd3 b6 30. Rc1 Kb7 31. g4 Red8 32. Kc3 c5 33. Re1 R8d7 34. Re8 h5 35. h4 hxg4 36. fxg4 Rxd4 37. Rxd4 Rxd4 38. Rg8 f5 39. h5 Rxg4 40. Rxg4 fxg4 41. Kd2 g3 42. Ke2 c4 43. h6 g2 44. Kf2 c3 0-1

[Event "Mulhouse GM"]
[Site "Mulhouse"]
[Date "2021.06.26"]
[Round "6"]
[White "Barseghyan, Harutyun"]
[Black "Burri, Quentin"]
[Result "1/2-1/2"]
[WhiteElo "2462"]
[BlackElo "2415"]
[PlyCount "40"]
[EventDate "2021.06.26"]
[EventType "tourn"]
[EventRounds "9"]
[EventCountry "FRA"]
[EventCategory "10"]
[SourceTitle "CBM 203 Extra"]
[Source "ChessBase"]
[SourceDate "2021.09.30"]
[SourceVersion "1"]
[SourceVersionDate "2021.09.30"]
[SourceQuality "1"]

1. d4 Nf6 2. c4 c5 3. d5 e6 4. Nc3 exd5 5. cxd5 d6 6. e4 g6 7. Be2 Bg7 8. Nf3 0-0 9. Nd2 Na6 10. 0-0 Nc7 11. a4 b6 12. Re1 Re8 13. h3 Rb8 14. Bb5 Re7 15. Bf1 a6 16. Nc4 b5 17. Na5 Bd7 18. Bf4 Nfe8 19. axb5 axb5 20. Bg5 Bf6 1/2-1/2

[Event "Mulhouse GM"]
[Site "Mulhouse"]
[Date "2021.06.26"]
[Round "4"]
[White "Barseghyan, Harutyun"]
[Black "Kurmann, Oliver"]
[Result "1/2-1/2"]
[WhiteElo "2462"]
[BlackElo "2424"]
[PlyCount "138"]
[EventDate "2021.06.26"]
[EventType "tourn"]
[EventRounds "9"]
[EventCountry "FRA"]
[EventCategory "10"]
[SourceTitle "CBM 203 Extra"]
[Source "ChessBase"]
[SourceDate "2021.09.30"]
[SourceVersion "1"]
[SourceVersionDate "2021.09.30"]
[SourceQuality "1"]

1. d4 Nf6 2. c4 e6 3. Nc3 Bb4 4. Nf3 b6 5. e3 Bb7 6. Bd2 0-0 7. Bd3 d5 8. cxd5 exd5 9. 0-0 Bd6 10. Rc1 c5 11. Ne5 Nc6 12. Nxc6 Bxc6 13. dxc5 bxc5 14. b3 Re8 15. h3 Rb8 16. Re1 Bc7 17. Ne2 Qd6 18. Ng3 Ba8 19. Qc2 Bb6 20. Nf5 Qc6 21. b4 c4 22. Bf1 g6 23. Nh6+ Kg7 24. Ng4 h5 25. Nxf6 Qxf6 26. Qc3 d4 27. Qxc4 dxe3 28. Bxe3 Bxe3 29. Rxe3 Rxe3 30. fxe3 Qb6 31. Qc3+ Kg8 32. Qd4 Qb7 33. Qf4 Rc8 34. Rxc8+ Qxc8 35. Bc4 Qe8 36. a3 Bc6 37. e4 Bxe4 38. Bxf7+ Qxf7 39. Qxe4 Kh7 40. Qe3 a6 41. Qd3 Qf6 42. Qb1 Qb6+ 43. Kh1 Qc6 44. Qf1 Kg8 45. Qd3 Kh7 46. Kg1 Qb6+ 47. Kf1 Qc6 48. Kf2 Qb6+ 49. Ke2 Qc6 50. Kf1 Qc1+ 51. Kf2 Qc6 52. Kg1 Qc1+ 53. Kh2 Qf4+ 54. g3 Qf2+ 55. Kh1 Kh6 56. h4 Kh7 57. Qd7+ Kh6 58. Qd3 Kh7 59. a4 Qe1+ 60. Kg2 Qxb4 61. Qxa6 Qe4+ 62. Kf2 Qd4+ 63. Ke2 Qe4+ 64. Kf2 Qd4+ 65. Kf3 Qg4+ 66. Kg2 Qe4+ 67. Kh2 Qc2+ 68. Kg1 Qd1+ 69. Kf2 Qd4+ 1/2-1/2

[Event "Mulhouse GM"]
[Site "Mulhouse"]
[Date "2021.06.26"]
[Round "3"]
[White "Georgiev, Kiril"]
[Black "Barseghyan, Harutyun"]
[Result "1/2-1/2"]
[WhiteElo "2594"]
[BlackElo "2462"]
[PlyCount "69"]
[EventDate "2021.06.26"]
[EventType "tourn"]
[EventRounds "9"]
[EventCountry "FRA"]
[EventCategory "10"]
[SourceTitle "CBM 203 Extra"]
[Source "ChessBase"]
[SourceDate "2021.09.30"]
[SourceVersion "1"]
[SourceVersionDate "2021.09.30"]
[SourceQuality "1"]

1. d4 Nf6 2. Nf3 e6 3. c4 d5 4. Nc3 Bb4 5. cxd5 exd5 6. Bf4 0-0 7. e3 c5 8. dxc5 Ne4 9. Rc1 Qa5 10. Bd3 Nd7 11. 0-0 Bxc3 12. bxc3 Ndxc5 13. Bb1 Bg4 14. h3 Bxf3 15. gxf3 Nxc3 16. Bxh7+ Kxh7 17. Qc2+ Kg8 18. Qxc3 Qxc3 19. Rxc3 Ne6 20. Bg3 Rfc8 21. Rd3 Rc5 22. Rfd1 Rd8 23. Be5 f6 24. Bd4 Ra5 25. R1d2 Kf7 26. Kg2 g5 27. Ba1 Rd6 28. Rb3 b6 29. Rbd3 Kg6 30. Kg3 Ng7 31. Kh2 Ne6 32. a3 Kf7 33. Bb2 Rb5 34. Kg2 Kg6 35. Rc2 1/2-1/2

[Event "FRA-chT 16 Final-A"]
[Site "Playchess.com INT"]
[Date "2021.01.17"]
[Round "12"]
[White "Burri, Quentin"]
[Black "Barseghyan, Harutyun"]
[Result "0-1"]
[WhiteElo "2415"]
[BlackElo "2471"]
[PlyCount "74"]
[EventDate "2021.01.16"]
[EventType "team-tourn (blitz)"]
[EventRounds "15"]
[EventCountry "FRA"]
[SourceTitle "CBM 200 Extra"]
[Source "ChessBase"]
[SourceDate "2021.03.31"]
[SourceVersion "1"]
[SourceVersionDate "2021.03.31"]
[SourceQuality "1"]
[WhiteTeam "Mulhouse"]
[BlackTeam "Nice"]
[WhiteTeamCountry "FRA"]
[BlackTeamCountry "FRA"]

1. d4 d5 2. c4 dxc4 3. e4 b5 4. a4 c6 5. Nc3 a6 6. axb5 cxb5 7. Nxb5 axb5 8. Rxa8 Bb7 9. Ra2 e6 10. Ne2 Nc6 11. b3 Nb4 12. Rd2 Nf6 13. Nc3 Nxe4 14. Nxe4 Bxe4 15. bxc4 Qa5 16. Be2 bxc4 17. Bxc4 Bxg2 18. Rg1 Bc6 19. Bb2 Nd5 20. Qa1 Qxa1+ 21. Bxa1 Bb4 22. Rxg7 Ke7 23. Rg3 Ra8 24. Bb2 Bxd2+ 25. Kxd2 Nf6 26. Rb3 Bd5 27. Ba3+ Rxa3 28. Rxa3 Bxc4 29. Ra7+ Kf8 30. Ke3 Ng4+ 31. Kf3 Nxh2+ 32. Kf4 Bd5 33. Ra3 Nf3 34. Ke3 Kg7 35. Ra1 h5 36. Ra5 Kg6 37. Kf4 Nxd4 0-1

[Event "FRA-chT 16 Final-A"]
[Site "Playchess.com INT"]
[Date "2021.01.16"]
[Round "4"]
[White "Bailet, Pierre"]
[Black "Barseghyan, Harutyun"]
[Result "1/2-1/2"]
[WhiteElo "2520"]
[BlackElo "2471"]
[PlyCount "54"]
[EventDate "2021.01.16"]
[EventType "team-tourn (blitz)"]
[EventRounds "15"]
[EventCountry "FRA"]
[SourceTitle "CBM 200 Extra"]
[Source "ChessBase"]
[SourceDate "2021.03.31"]
[SourceVersion "1"]
[SourceVersionDate "2021.03.31"]
[SourceQuality "1"]
[WhiteTeam "Metz Fischer"]
[BlackTeam "Nice"]
[WhiteTeamCountry "FRA"]
[BlackTeamCountry "FRA"]

1. e4 e6 2. d4 d5 3. Nd2 h6 4. Ngf3 Nf6 5. Bd3 c5 6. e5 Nfd7 7. c3 Nc6 8. 0-0 g5 9. dxc5 Bxc5 10. b4 Bb6 11. Bb5 g4 12. Nd4 Nxd4 13. cxd4 Bxd4 14. Rb1 a6 15. Bxd7+ Bxd7 16. Nc4 dxc4 17. Qxd4 Bc6 18. Qxg4 Qd3 19. Be3 0-0-0 20. Rbd1 Rhg8 21. Rxd3 Rxg4 22. Rxd8+ Kxd8 23. f3 Rg6 24. h4 h5 25. Bg5+ Kc7 26. g4 hxg4 27. fxg4 Rg7 1/2-1/2

[Event "FRA-chT 16 Final-A"]
[Site "Playchess.com INT"]
[Date "2021.01.16"]
[Round "7"]
[White "Barseghyan, Harutyun"]
[Black "Terrieux, Kevin"]
[Result "1-0"]
[WhiteElo "2471"]
[BlackElo "2448"]
[PlyCount "105"]
[EventDate "2021.01.16"]
[EventType "team-tourn (blitz)"]
[EventRounds "15"]
[EventCountry "FRA"]
[SourceTitle "CBM 200 Extra"]
[Source "ChessBase"]
[SourceDate "2021.03.31"]
[SourceVersion "1"]
[SourceVersionDate "2021.03.31"]
[SourceQuality "1"]
[WhiteTeam "Nice"]
[BlackTeam "Metz Fischer"]
[WhiteTeamCountry "FRA"]
[BlackTeamCountry "FRA"]

1. d4 d5 2. Nf3 Nf6 3. Bf4 c5 4. e3 e6 5. c3 Bd6 6. Bg3 0-0 7. Nbd2 b6 8. Bd3 Qc7 9. Bxd6 Qxd6 10. Ne5 Nc6 11. f4 a5 12. Qe2 Nd7 13. 0-0 c4 14. Bc2 f5 15. g4 g6 16. gxf5 gxf5 17. Ba4 Ncxe5 18. dxe5 Qe7 19. Bxd7 Bxd7 20. Nf3 b5 21. Nd4 Kh8 22. Kh1 b4 23. Rg1 Rg8 24. Qh5 Raf8 25. Qh6 Rg7 26. a3 b3 27. Rg3 Rfg8 28. Rag1 Rxg3 29. Rxg3 Rxg3 30. hxg3 Kg8 31. Kg2 Kh8 32. Kh3 Kg8 33. Nf3 Be8 34. Nd4 Bg6 35. Kg2 a4 36. Kf3 Kf7 37. Kf2 Kg8 38. Nf3 Qe8 39. Qh4 Qf8 40. Nd4 Qe8 41. Qf6 Bf7 42. Kg2 Qd7 43. Kh3 Qe8 44. Kh4 Qd7 45. g4 fxg4 46. f5 Qe8 47. Kxg4 Qf8 48. fxe6 Bg6 49. Kg5 Qg7 50. e7 Bf7+ 51. Qxg7+ Kxg7 52. e6 Be8 53. Nf5+ 1-0

[Event "FRA-chT 16 Final-A"]
[Site "Playchess.com INT"]
[Date "2021.01.16"]
[Round "2"]
[White "Riff, Jean Noel"]
[Black "Barseghyan, Harutyun"]
[Result "0-1"]
[WhiteElo "2499"]
[BlackElo "2471"]
[PlyCount "80"]
[EventDate "2021.01.16"]
[EventType "team-tourn (blitz)"]
[EventRounds "15"]
[EventCountry "FRA"]
[SourceTitle "CBM 200 Extra"]
[Source "ChessBase"]
[SourceDate "2021.03.31"]
[SourceVersion "1"]
[SourceVersionDate "2021.03.31"]
[SourceQuality "1"]
[WhiteTeam "Mulhouse"]
[BlackTeam "Nice"]
[WhiteTeamCountry "FRA"]
[BlackTeamCountry "FRA"]

1. e4 e6 2. d4 d5 3. Nd2 h6 4. Ngf3 Nf6 5. e5 Nfd7 6. c4 dxc4 7. Bxc4 Nb6 8. Bb3 Bd7 9. 0-0 Bc6 10. Re1 Be7 11. Ne4 Bd5 12. Bc2 Nc6 13. b3 a5 14. Be3 Nb4 15. Bb1 a4 16. Nfd2 axb3 17. Nxb3 Nc4 18. Bc1 b6 19. Qg4 Kf8 20. Nbd2 Na3 21. Re3 Nxb1 22. Rxb1 Nxa2 23. Rf3 Nxc1 24. Rxc1 Ra3 25. Rxa3 Bxa3 26. Rc3 Be7 27. Rg3 g6 28. Qf4 Kg7 29. Rf3 Rf8 30. h4 Qa8 31. Kh2 Qa1 32. Qe3 c5 33. dxc5 Qxe5+ 34. g3 Bxc5 35. Qd3 Bb4 36. Re3 Bxd2 37. Nxd2 Qa1 38. f3 Ra8 39. Re2 Ra3 40. Qb5 Qd4 0-1

[Event "FRA-chT Top 16 Philidor"]
[Site "Playchess.com INT"]
[Date "2021.01.09"]
[Round "10"]
[White "Barseghyan, Harutyun"]
[Black "Domenech, Vianney"]
[Result "1/2-1/2"]
[WhiteElo "2471"]
[BlackElo "2265"]
[PlyCount "86"]
[EventDate "2021.01.09"]
[EventType "team-tourn (rapid)"]
[EventRounds "12"]
[EventCountry "FRA"]
[SourceTitle "CBM 200 Extra"]
[Source "ChessBase"]
[SourceDate "2021.03.31"]
[SourceVersion "1"]
[SourceVersionDate "2021.03.31"]
[SourceQuality "1"]
[WhiteTeam "Nice"]
[BlackTeam "Agen"]
[WhiteTeamCountry "FRA"]
[BlackTeamCountry "FRA"]

1. d4 Nc6 2. Nf3 d6 3. Bf4 Nf6 4. h3 g6 5. e3 Bg7 6. Bh2 0-0 7. Nbd2 Nd7 8. Bb5 a6 9. Bxc6 bxc6 10. 0-0 Rb8 11. Nb3 c5 12. dxc5 Bxb2 13. Rb1 Bg7 14. Nfd4 Ra8 15. Qf3 Rb8 16. Nc6 Qe8 17. Nxb8 Nxb8 18. Nd4 Bd7 19. cxd6 cxd6 20. c4 Nc6 21. Nxc6 Bxc6 22. Qe2 Qa8 23. f3 Rc8 24. Rfc1 h5 25. Bg3 a5 26. Bh4 Qa7 27. Bf2 a4 28. e4 Qa8 29. c5 a3 30. cxd6 exd6 31. Rc2 Re8 32. Qc4 Bd7 33. Qd5 Qxd5 34. exd5 Bf5 35. Rbc1 Bb2 36. g4 hxg4 37. hxg4 Bxc2 38. Rxc2 Rb8 39. Rc6 Be5 40. Rb6 Rc8 41. Rc6 Rb8 42. Rb6 Rc8 43. Rc6 Rb8 1/2-1/2

[Event "FRA-chT Top 16 Philidor"]
[Site "Playchess.com INT"]
[Date "2021.01.09"]
[Round "9"]
[White "Ternault, Mathieu"]
[Black "Barseghyan, Harutyun"]
[Result "1/2-1/2"]
[WhiteElo "2324"]
[BlackElo "2471"]
[PlyCount "67"]
[EventDate "2021.01.09"]
[EventType "team-tourn (rapid)"]
[EventRounds "12"]
[EventCountry "FRA"]
[SourceTitle "CBM 200 Extra"]
[Source "ChessBase"]
[SourceDate "2021.03.31"]
[SourceVersion "1"]
[SourceVersionDate "2021.03.31"]
[SourceQuality "1"]
[WhiteTeam "Agen"]
[BlackTeam "Nice"]
[WhiteTeamCountry "FRA"]
[BlackTeamCountry "FRA"]

1. b3 d5 2. Bb2 Bg4 3. f3 Bh5 4. Nh3 f6 5. d4 e6 6. Nf4 Bf7 7. e3 Bd6 8. Nc3 c6 9. Qd2 Ne7 10. g4 g5 11. Nh5 Bxh5 12. gxh5 Qc7 13. 0-0-0 a5 14. a4 Na6 15. Bxa6 Rxa6 16. Kb1 Ra8 17. e4 Bf4 18. Qe2 Kf7 19. h4 h6 20. Rhe1 Qd7 21. Qf2 Rae8 22. Ne2 Bc7 23. Nc1 b6 24. Nd3 Nc8 25. Bc1 Rhg8 26. Rg1 Ref8 27. e5 fxe5 28. hxg5 hxg5 29. Bxg5 Ke8 30. Nxe5 Bxe5 31. dxe5 Qh7 32. h6 Kd7 33. Kb2 Kc7 34. Rd3 1/2-1/2

[Event "Barcelonca Tarde GM"]
[Site "Barcelona"]
[Date "2020.08.07"]
[Round "7"]
[White "Gines Esteo, Pedro Antonio"]
[Black "Barseghyan, Harutyun"]
[Result "0-1"]
[WhiteElo "2454"]
[BlackElo "2463"]
[PlyCount "88"]
[EventDate "2020.08.01"]
[EventType "tourn"]
[EventRounds "9"]
[EventCountry "ESP"]
[EventCategory "8"]
[SourceTitle "CBM 197 Extra"]
[Source "ChessBase"]
[SourceDate "2020.09.30"]
[SourceVersion "1"]
[SourceVersionDate "2020.09.30"]
[SourceQuality "1"]

1. Nf3 d5 2. g3 Nf6 3. Bg2 c6 4. 0-0 Bg4 5. d3 Nbd7 6. h3 Bh5 7. Qe1 e5 8. e4 dxe4 9. dxe4 Bc5 10. Nbd2 0-0 11. Nc4 Re8 12. a4 Qc7 13. b4 Bf8 14. Nh4 a6 15. Nf5 c5 16. bxc5 Nxc5 17. Bg5 Ne6 18. Bxf6 Qxc4 19. Bxe5 Nc5 20. Ne3 Qe6 21. Bd4 Nxe4 22. Qa5 Bg6 23. Rfe1 Rad8 24. Rad1 Qc8 25. c4 h6 26. h4 Nc5 27. Bxc5 Rxd1 28. Rxd1 Bxc5 29. h5 Bxh5 30. Rd5 b6 31. Qc3 Bg6 32. Kh2 Bxe3 33. fxe3 Be4 34. Bxe4 Rxe4 35. c5 bxc5 36. Rxc5 Qe6 37. Qc2 Qg6 38. Rc6 Qh5+ 39. Kg2 Qd5 40. Kf2 Re8 41. Rxa6 Qe5 42. Qd3 Rb8 43. Rd6 Qh5 44. Qc2 Qh2+ 0-1

[Event "Barcelonca Tarde GM"]
[Site "Barcelona"]
[Date "2020.08.04"]
[Round "4"]
[White "Ternault, Mathieu"]
[Black "Barseghyan, Harutyun"]
[Result "0-1"]
[WhiteElo "2341"]
[BlackElo "2463"]
[PlyCount "58"]
[EventDate "2020.08.01"]
[EventType "tourn"]
[EventRounds "9"]
[EventCountry "ESP"]
[EventCategory "8"]
[SourceTitle "CBM 197 Extra"]
[Source "ChessBase"]
[SourceDate "2020.09.30"]
[SourceVersion "1"]
[SourceVersionDate "2020.09.30"]
[SourceQuality "1"]

1. e4 c5 2. Na3 d6 3. c3 Nf6 4. Bb5+ Bd7 5. Bxd7+ Nbxd7 6. d3 e6 7. f4 Be7 8. Nf3 d5 9. e5 Ng4 10. Nc2 h5 11. Qe2 g6 12. 0-0 Nb8 13. Kh1 Nc6 14. Be3 Nh6 15. b3 Nf5 16. c4 a6 17. Rfd1 d4 18. Bd2 0-0 19. Qe4 Qd7 20. Be1 Kg7 21. Bf2 b5 22. Be1 bxc4 23. bxc4 Rab8 24. Rab1 Na7 25. Bd2 Qa4 26. Nfe1 Bh4 27. Qe2 Nc6 28. Kg1 Bxe1 29. Rxe1 Qxc2 0-1